|
|
|
|
| LEADER |
01324nam a2200313 a 4500 |
| 001 |
29569 |
| 003 |
BD-DhAAL |
| 005 |
20150813100028.0 |
| 008 |
151013s1992 nyua b 001 0 eng |
| 010 |
|
|
|a 91017784
|
| 020 |
|
|
|a 0070442312
|
| 040 |
|
|
|a DLC
|c DLC
|d DLC
|d BD-DhAAL
|
| 050 |
0 |
0 |
|a BF637.C45
|b M9 1992
|
| 082 |
0 |
0 |
|a 153.6
|2 20
|
| 100 |
1 |
|
|a Myers, Gail E.,
|d 1923-
|9 13702
|
| 245 |
1 |
4 |
|a The dynamics of human communication :
|b a laboratory approach /
|c Gail E. Myers, Michele Tolela Myers.
|
| 250 |
|
|
|a 6th ed.
|
| 260 |
|
|
|a New York :
|b McGraw-Hill,
|c c1992.
|
| 300 |
|
|
|a xxiii, 472 p. :
|b ill. ;
|c 24 cm.
|
| 504 |
|
|
|a Includes bibliographical references and indexes.
|
| 541 |
|
|
|e 29569
|
| 650 |
|
0 |
|a Interpersonal communication.
|9 8855
|
| 650 |
|
0 |
|a Interpersonal communication
|x Problems, exercises, etc.
|9 13703
|
| 700 |
1 |
|
|a Myers, Michele Tolela,
|d 1941-
|9 13704
|
| 856 |
4 |
2 |
|3 Publisher description
|u http://www.loc.gov/catdir/description/mh022/91017784.html
|
| 856 |
4 |
1 |
|3 Table of contents
|u http://www.loc.gov/catdir/toc/mh021/91017784.html
|
| 942 |
|
|
|2 ddc
|c BK
|
| 999 |
|
|
|c 35214
|d 35214
|
| 952 |
|
|
|0 0
|1 0
|2 ddc
|4 0
|6 153_600000000000000_MYE
|7 0
|9 55209
|a BRACUL
|b BRACUL
|c GEN
|d 2015-08-13
|e BRAC Institute of Language (BIL)
|l 0
|o 153.6 MYE
|p 3010029569
|r 2015-08-13
|t 1
|w 2015-08-13
|y BK
|x Transferred from BIL to BRACUL on 06/06/22
|